Methods for estimating of wave speed in rivers for hydrological modelling : Dissertation thesis

Enregistré dans:
Détails bibliographiques
Auteur principal: Baláž, Miroslav, 1982- (Auteur)
Autres auteurs: Szolgay, Ján, 1953- (Directeur de thèse)
Format: Manuscrit Livre
Langue:anglais
Publié: Bratislava : STU v Bratislave SvF, 2010
Accès en ligne:VAIS
Tags: Ajouter un tag
Pas de tags, Soyez le premier à ajouter un tag!

MARC

LEADER 00000ntm a22000003a 4500
001 stu231954
005 20160721135556.9
008 110721s2010----xo------------------eng-d
040 |a STU  |b slo 
041 0 |a eng 
044 |a xo 
100 1 |a Baláž, Miroslav,  |d 1982-  |4 aut  |X 23075  |7 A000023075 
242 0 0 |a Metódy odhadovania rýchlosti prietokovej vlny v riekach pre hydrologické modely  |y slo 
245 1 |a Methods for estimating of wave speed in rivers for hydrological modelling :  |b Dissertation thesis 
260 |a Bratislava :  |b STU v Bratislave SvF,  |c 2010 
300 |a 211 s 
700 1 |a Szolgay, Ján,  |d 1953-  |4 ths  |u V160  |U SvF Stavebná fakulta  |T SvF Katedra vodného hospodárstva krajiny  |X 691  |U V160  |Y 16  |7 A000000691 
856 4 |a info a plný text  |u http://is.stuba.sk/zp/portal_zp.pl?podrobnosti=73604  |3 VAIS 
996 |b 284V036585  |c V*3025/DP-1005  |l VVS  |s P  |a 0  |w stu231954_0001